000 01164nam a2200289 a 4500
003 C-11141
005 20140520104823.0
008 060526m20002004cc b 000 0 chi
020 _a9628322230 (v. 1) :HK98/73.50/Php487.80
020 _a9628322427 (v. 2) :HK70/52.50/Php348.40
020 _a9628322877 (v. 3) :HK128/96.00/Php637.10
040 _aCVU
_cLOCAL
_dH2K
100 _a羅賓遜 Robinson, James M.
130 0 _aNag Hammadi codices.Chinese.
245 1 0 _a靈知派經書 ling zhi pai jing shu xiang zhong = The Nag Hammadi library codices 3-6 {ch} /
_ceds., James M. Robinson, Richard Smith; trans. by Yeo Khiok Khng
260 _aHong Kong :
_bInstitute of Sino-Christian Studies,
_c2000-2004.
300 _a3 v. ;
_c22 cm.
490 1 0 _aChinese academic library of Christian thought ancient series;
_v108,113, 118.
504 _aIncludes bibliographical references.
505 0 _aContents: Codices 1-2; Codices 3-6; Codices 7-13.
541 _eC-11141
650 4 _aGnostic literature {ch}.
650 4 _aGnosticism {ch}.
700 1 _a羅賓遜 Robinson, James M.
_d1924-
700 1 _aSmith, Richard,
_d1943 Sept. 28-
942 _2ddc
_cBK
999 _c418
_d418